| 000 | 00988nam0a22002531 4500 | ||
|---|---|---|---|
| 001 | v19\rc\2082329 | ||
| 005 | 20081218095714.7 | ||
| 035 | _a(NLR Aleph) 005152855 | ||
| 090 |
_a4918066 _c4918066 |
||
| 100 | _a20081218d1912 |||y0rusy50 ca | ||
| 101 | 0 | _arus | |
| 102 | _aRU | ||
| 105 | _aa z ||||| | ||
| 200 | 1 |
_aПарники _eС 6 рис., сделанными автором |
|
| 205 | _a4-е изд. | ||
| 210 |
_aМосква _cК.И. Тихомиров _d1912 |
||
| 215 |
_a15 с. _cил. _d17 |
||
| 225 | 1 |
_aСельскохозяйственная библиотека _eОтдел садоводства и огородничества _fЕк. Аверкиева _iПрактические советы по огородничеству _vВып. 4 |
|
| 700 | 1 |
_aАверкиева _bЕ. Г. _f1852- _gЕкатерина Григорьевна |
|
| 801 | 0 |
_aRU _bNLR _gpsbo |
|
| 801 | 1 |
_aRU _bProSoft-M _2rusmarc |
|
| 852 |
_aNLR _j18.294.5.325(вып. 4) |
||
| 942 | _cBOOK | ||
| 980 | _aNB | ||